| 000 | 00532nam a22001697a 4500 | ||
|---|---|---|---|
| 003 | OSt | ||
| 005 | 20260407094035.0 | ||
| 008 | 260407b |||||||| |||| 00| 0 eng d | ||
| 040 | _cMRSPTU | ||
| 041 | _aEnglish | ||
| 100 | _aVidhu Kiran, Supervisor: Shaveta Rani | ||
| 245 | _aTrust Based Secured Routing Mechanisms in Internet of Things | ||
| 260 |
_bDepartment of CSE, MRSPTU, Bathinda _c2020 |
||
| 650 | _aComputer Science & Engineering | ||
| 856 | _uhttp://163.47.215.52:8080/jspui/handle/123456789/391 | ||
| 942 |
_2ddc _cTH _n0 |
||
| 999 |
_c11311 _d11311 |
||